Moderné nástroje platobného styku a ich praktické využitie vo vybranom podniku bakalárska práca

Uložené v:
Podrobná bibliografia
Hlavný autor: Solčianska, Adriana
Korporativný autor: Fakulta podnikového manažmentu EU. Katedra podnikových financií
Ďalší autori: Budinská, Lucia, 1990-
Médium: Kniha
Jazyk:Slovak
Vydavateľské údaje: Bratislava 2017
Tagy: Pridať tag
Žiadne tagy, Buďte prvý, kto otaguje tento záznam!

MARC

LEADER 00000nbm a2200000 4500
001 0232507
005 20171009144959.3
041 0 |a slo 
044 |a SK 
245 1 0 |a Moderné nástroje platobného styku a ich praktické využitie vo vybranom podniku  |b bakalárska práca  |c Adriana Solčianska ; školiteľ: Lucia Budinská 
264 1 |a Bratislava  |c 2017 
300 |a 54 s. 
100 1 |a Solčianska, Adriana 
700 1 |a Budinská, Lucia, 1990- 
710 2 |a Fakulta podnikového manažmentu EU. Katedra podnikových financií